000 00418nam a2200181Ia 4500
999 _c22020
_d22020
003 0100
005 20171108100355.0
008 130303s9999 xx 000 0 und d
040 _cARRUPELIB
050 _aBT78.K86131988
100 _aKung, Hans
_937451
245 _aTheology for the Third Millennium
245 _ban Ecumenical view
260 _aNY
260 _bDoubleday
300 _a316p
700 _atr. by Peter Heinegg
_937452
942 _2lcc
_cMONOGRAPH